| 000 | 00632nam a22002177a 4500 | ||
|---|---|---|---|
| 999 |
_c16226 _d16226 |
||
| 003 | AR-CdUCM | ||
| 008 | 190502b ||||| |||| 00| 0 spa d | ||
| 020 | _a8-499-6671-X | ||
| 040 |
_aMUNICIPALIDAD PROVINCIAL DEL CUSCO _cBIBLIOTECA MUNICIPAL DEL CUSCO |
||
| 082 |
_a869.634 / _bG22 |
||
| 100 |
_aGarcía Márquez, Gabriel _9490 |
||
| 245 | _aLa hojarasca / | ||
| 260 |
_aArgentina : _bOrbis, _c1983. |
||
| 300 |
_a156 paginas ; _c20 cm. |
||
| 505 | _aContenido : Novela | ||
| 650 |
_aNovela _95 |
||
| 650 |
_aColombia _9140 |
||
| 650 |
_aLiteratura Latino americana _96169 |
||
| 942 |
_2ddc _cLIBROS |
||
| 945 |
_awnts _d2019-05-2 |
||